|
|
|
|
| LEADER |
01928nam a2200517 4500 |
| 001 |
ocn797837614 |
| 003 |
OCoLC |
| 005 |
20170124070846.8 |
| 006 |
m o d |
| 007 |
cr cn||||||||| |
| 008 |
120614s2012 enka ob 000 0 eng d |
| 040 |
|
|
|a E7B
|b eng
|e pn
|c E7B
|d UMI
|d OCLCQ
|d DG1
|d OCLCF
|d OCLCQ
|d DEBBG
|d GrThAP
|
| 019 |
|
|
|a 848895185
|
| 020 |
|
|
|a 9781119207887
|q (electronic bk.)
|
| 020 |
|
|
|a 1119207886
|q (electronic bk.)
|
| 020 |
|
|
|a 9781118400128
|q (e-book)
|
| 020 |
|
|
|a 1118400127
|q (e-book)
|
| 020 |
|
|
|a 9781118400135
|
| 020 |
|
|
|a 1118400135
|
| 020 |
|
|
|z 9781118368718
|q (hardback)
|
| 020 |
|
|
|z 1118368711
|
| 029 |
1 |
|
|a AU@
|b 000050105319
|
| 029 |
1 |
|
|a DEBBG
|b BV040868978
|
| 029 |
1 |
|
|a GBVCP
|b 856570168
|
| 029 |
1 |
|
|a NZ1
|b 14976462
|
| 029 |
1 |
|
|a DEBBG
|b BV043394635
|
| 035 |
|
|
|a (OCoLC)797837614
|z (OCoLC)848895185
|
| 037 |
|
|
|a CL0500000223
|b Safari Books Online
|
| 050 |
|
4 |
|a HJ9733
|b .B47 2012eb
|
| 049 |
|
|
|a MAIN
|
| 100 |
1 |
|
|a Berger, Thomas Müller-Marqués.
|
| 245 |
1 |
0 |
|a IPSAS explained :
|b a summary of international public sector accounting standards /
|c Thomas Müller-Marqués Berger.
|
| 250 |
|
|
|a 2nd ed.
|
| 264 |
|
1 |
|a Chichester, U.K. :
|b Wiley :
|c 2012.
|
| 264 |
|
1 |
|b Ernst & Young,
|c 2012.
|
| 300 |
|
|
|a 1 online resource (xiv, 241 pages :) :
|b illustrations
|
| 336 |
|
|
|a text
|b txt
|2 rdacontent
|
| 337 |
|
|
|a computer
|b c
|2 rdamedia
|
| 338 |
|
|
|a online resource
|b cr
|2 rdacarrier
|
| 504 |
|
|
|a Includes bibliographical references.
|
| 650 |
|
0 |
|a Finance, Public
|x Accounting
|x Standards.
|
| 650 |
|
7 |
|a Finance, Public
|x Accounting
|x Standards.
|2 fast
|0 (OCoLC)fst00924494
|
| 655 |
|
4 |
|a Electronic books.
|
| 776 |
0 |
8 |
|i Print version:
|a Berger, Thomas Müller-Marqués.
|t IPSAS explained.
|b 2nd ed.
|d Chichester, U.K. : Wiley ; Ernst & Young, 2012
|z 1118368711
|w (OCoLC)794541444
|
| 856 |
4 |
0 |
|u https://doi.org/10.1002/9781119207887
|z Full Text via HEAL-Link
|
| 994 |
|
|
|a 92
|b DG1
|